Viuditas grises /

Guardado en:
Autor Principal: Palma, Beila
Formato: Libro
Publicado: Bahía Blanca : Cooperativa El Calamar, 2003
Materias:
Etiquetas: Agregar Etiqueta
Sin Etiquetas, Sea el primero en etiquetar este registro!
LEADER 00543nam a22001815a 4500
001 EHU.bham044698
003 AR-BHAM
005 20170502145303.0
008 130507s2003##################000#0#####d
082 A 8 |a 861.5 
100 1 |a Palma, Beila 
245 1 0 |a Viuditas grises /  |c  Beila Palma 
260 |a Bahía Blanca :  |b Cooperativa El Calamar,  |c 2003 
300 |a 13 p. 
653 |a Poesía argentina-2000- 
653 |a Literatura bahiense-2000- 
653 |a Poesía bahiense-2000- 
859 |a AR-BHAM  |b BIB. HUMANIDADES - General  |h A861.5  |i P177  |k A  |p 89.17  |t Ej.1